Padres y madres en la escuela: una guía para la participación
Na minha lista:
| Main Authors: | , , |
|---|---|
| Formato: | Livro |
| Idioma: | espanhol |
| Publicado em: |
Barcelona
Paidós
1992
|
| Edição: | 3a. ed |
| Colecção: | Colección Papeles de Pedagogía, 7
|
| Assuntos: | |
| Tags: |
Adicionar Tag
Sem tags, seja o primeiro a adicionar uma tag!
|
MARC
| LEADER | 00000nam a2200000 a 4500 | ||
|---|---|---|---|
| 001 | UCP2404 | ||
| 003 | CL-VaPUC | ||
| 008 | 990514e19920000SP |||||||||||||||||spa|d | ||
| 082 | 0 | 4 | |a 370.193 |b TSC |2 21 |
| 100 | 0 | |a Tschorne, Patricia |e author |9 429138 | |
| 700 | 0 | |a Villalta, María |e author |9 429139 | |
| 700 | 0 | |a Totrrente, Manel |e author |9 429140 | |
| 245 | 1 | 0 | |a Padres y madres en la escuela: una guía para la participación |
| 250 | |a 3a. ed | ||
| 300 | |a 219 p | ||
| 942 | |c BK | ||
| 945 | |d 19990514 00:00:00 |a rbrito | ||
| 260 | |a Barcelona |b Paidós |c 1992 | ||
| 650 | 0 | |a Democratización de la educación |9 307986 | |
| 650 | 0 | |a Sociología de la educación |9 260380 | |
| 650 | 0 | |a Asociaciones de padres y profesores |9 309457 | |
| 583 | |a last modification |c 19990514 00:00:00 |k Rodrigo Vera | ||
| 490 | 0 | |a Colección Papeles de Pedagogía, 7 | |
| 999 | |c 280939 |d 280937 | ||
| 952 | |0 0 |1 0 |4 0 |6 370_193000000000000_TSC_1992 |7 0 |8 A |9 321488 |a BIBEDU |b BIBEDU |d 2019-11-20 |i 3521311 |o 370.193 TSC 1992 |p 3521311 |r 2019-11-20 |w 2019-11-20 |y BK |k EPE | ||